|
|
|
|
| LEADER |
01000naa a2200265 c 4500 |
| 001 |
1005021082 |
| 003 |
DE-627 |
| 005 |
20171120101153.0 |
| 007 |
tu |
| 008 |
171120s2017 xx ||||| 00| ||ger c |
| 035 |
|
|
|a (DE-627)1005021082
|
| 035 |
|
|
|a (DE-599)GBV1005021082
|
| 040 |
|
|
|a DE-627
|b ger
|c DE-627
|e rda
|
| 041 |
|
|
|a ger
|
| 100 |
1 |
|
|a Eisenhuth, Stefanie
|d 1977-
|e verfasserin
|0 (DE-588)1018599061
|0 (DE-627)690635877
|0 (DE-576)356028844
|4 aut
|
| 245 |
1 |
0 |
|a Reiseziel: Schattenort
|b Überlegungen zum "Dark Tourism" nach einer Reise in den Süden Europas
|c Stefanie Eisenhuth
|
| 264 |
|
1 |
|c [2017]
|
| 336 |
|
|
|a Text
|b txt
|2 rdacontent
|
| 337 |
|
|
|a ohne Hilfsmittel zu benutzen
|b n
|2 rdamedia
|
| 338 |
|
|
|a Band
|b nc
|2 rdacarrier
|
| 500 |
|
|
|a Literaturangaben
|
| 689 |
0 |
0 |
|D s
|0 (DE-588)4018406-7
|0 (DE-627)104467134
|0 (DE-576)208924213
|a Tourismus
|2 gnd
|
| 689 |
0 |
1 |
|D s
|0 (DE-588)4120448-7
|0 (DE-627)105776459
|0 (DE-576)209535180
|a Historische Stätte
|2 gnd
|
| 689 |
0 |
2 |
|D s
|0 (DE-588)4033114-3
|0 (DE-627)104360070
|0 (DE-576)209000309
|a Krieg
|2 gnd
|
| 689 |
0 |
3 |
|D s
|0 (DE-588)4020832-1
|0 (DE-627)10631663X
|0 (DE-576)208934979
|a Gewalt
|2 gnd
|
| 689 |
0 |
|
|5 (DE-627)
|
| 773 |
0 |
8 |
|i Enthalten in
|t Schattenorte
|d Göttingen : Wallstein Verlag, 2017
|g (2017), Seite 24-39
|h 183 Seiten
|w (DE-627)874050499
|w (DE-576)493265791
|z 383533011X
|z 9783835330115
|7 nnam
|
| 773 |
1 |
8 |
|g year:2017
|g pages:24-39
|
| 912 |
|
|
|a GBV_USEFLAG_U
|
| 912 |
|
|
|a GBV_ILN_350
|
| 912 |
|
|
|a ISIL_DE-2795
|
| 912 |
|
|
|a SYSFLAG_1
|
| 912 |
|
|
|a GBV_KXP
|
| 912 |
|
|
|a GBV_ILN_11
|
| 912 |
|
|
|a GBV_ILN_20
|
| 912 |
|
|
|a GBV_ILN_22
|
| 912 |
|
|
|a GBV_ILN_31
|
| 912 |
|
|
|a GBV_ILN_39
|
| 912 |
|
|
|a GBV_ILN_40
|
| 912 |
|
|
|a GBV_ILN_61
|
| 912 |
|
|
|a GBV_ILN_65
|
| 912 |
|
|
|a GBV_ILN_70
|
| 912 |
|
|
|a GBV_ILN_72
|
| 912 |
|
|
|a GBV_ILN_121
|
| 912 |
|
|
|a GBV_ILN_181
|
| 912 |
|
|
|a GBV_ILN_203
|
| 912 |
|
|
|a GBV_ILN_234
|
| 912 |
|
|
|a GBV_ILN_235
|
| 912 |
|
|
|a GBV_ILN_285
|
| 912 |
|
|
|a GBV_ILN_370
|
| 912 |
|
|
|a GBV_ILN_606
|
| 912 |
|
|
|a GBV_ILN_674
|
| 912 |
|
|
|a GBV_ILN_694
|
| 912 |
|
|
|a GBV_ILN_697
|
| 912 |
|
|
|a GBV_ILN_736
|
| 912 |
|
|
|a GBV_ILN_2001
|
| 912 |
|
|
|a GBV_ILN_2002
|
| 912 |
|
|
|a GBV_ILN_2005
|
| 912 |
|
|
|a GBV_ILN_2006
|
| 912 |
|
|
|a GBV_ILN_2007
|
| 912 |
|
|
|a GBV_ILN_2008
|
| 912 |
|
|
|a GBV_ILN_2010
|
| 912 |
|
|
|a GBV_ILN_2011
|
| 912 |
|
|
|a GBV_ILN_2018
|
| 912 |
|
|
|a GBV_ILN_2025
|
| 912 |
|
|
|a GBV_ILN_2042
|
| 912 |
|
|
|a GBV_ILN_2048
|
| 912 |
|
|
|a GBV_ILN_2299
|
| 912 |
|
|
|a GBV_ILN_2315
|
| 912 |
|
|
|a GBV_ILN_2489
|
| 912 |
|
|
|a GBV_ILN_2535
|
| 912 |
|
|
|a GBV_ILN_350_
|
| 912 |
|
|
|a GBV_ILN_694
|
| 912 |
|
|
|a ISIL_DE-Po82
|
| 912 |
|
|
|a GBV_ILN_697
|
| 912 |
|
|
|a ISIL_DE-Y8
|
| 951 |
|
|
|a AR
|
| 952 |
|
|
|j 2017
|h 24-39
|
| 980 |
|
|
|2 350
|1 01
|x 8293
|b 1763734080
|c 00
|f MAG3
|d Ne 6280
|e i
|j --%%--
|y z
|z 05-04-18
|
| 980 |
|
|
|2 694
|1 01
|x 4694
|b 1724426591
|y xzzf
|z 20-11-17
|
| 980 |
|
|
|2 697
|1 01
|x 4697
|b 3589874546
|y x
|z 07-02-20
|